[Event "BCF-chT 97/98 (4NCL)"]
[Site "GBR"]
[Date "1998.05.24"]
[Round "10"]
[White "Ashby, Ann Marie"]
[Black "Lalic, Susan"]
[Result "0-1"]
[WhiteElo "2115"]
[BlackElo "2370"]

1.d4 Nf6 2.Bg5 g6 3.Nc3 d5 4.g3 Bg7 5.Bg2 c6 6.Nf3 Ne4 7.Bf4 Qa5 8.Ne5 Nxc3
9.Qd2 O-O 10.bxc3 Re8 11.h4 f6 12.Nd3 Nd7 13.h5 e5 14.Be3 Nb6 15.Nb2 exd4
16.cxd4 Qxd2+ 17.Kxd2 f5 18.c3 Be6 19.a4 Nd7 20.Nd3 Nf6 21.hxg6 hxg6 22.Rab1 Ne4+
23.Bxe4 dxe4 24.Nf4 b6 25.Nxg6 c5 26.Rhd1 Rad8 27.Ke1 Kf7 28.Nf4 Rh8 29.Nxe6 Kxe6
30.Kf1 Rh2 31.Bg5 Rdh8 32.Bh4 f4 33.Kg1 fxg3 34.Bxg3 R2h5 35.e3 Bf8 36.Kf1 cxd4
37.cxd4 Bd6 38.Bxd6 Kxd6 39.Rb4 Rc8 40.Rd2 Rc1+ 41.Ke2 Rhh1 42.Rdb2 Rcd1
43.f4 Rd3 44.R2b3 Rh2+ 45.Ke1 Rdd2 46.Ra3 Rc2  0-1

[Event "Internet"]
[Site "ICC Moscow-Tel Aviv"]
[Date "1998.05.26"]
[Round "2"]
[White "Manor, Ilan"]
[Black "Averbakh, Yuri L"]
[Result "1-0"]
[WhiteElo "2530"]
[BlackElo "2445"]

1.d4 Nf6 2.Bg5 d5 3.Bxf6 exf6 4.e3 c6 5.c4 Bb4+ 6.Nc3 O-O 7.Qb3 Qe7 8.cxd5 cxd5
9.Bd3 Rd8 10.Ne2 Nc6 11.O-O Be6 12.a3 Bd6 13.Nb5 Bb8 14.Rac1 a6 15.Nbc3 Na5
16.Qc2 g6 17.g3 Nc4 18.Rfe1 b5 19.a4 Qb4 20.b3 Na3 21.Qb2 Bd6 22.Na2 Qa5
23.b4 Qxa4 24.Nec3  1-0

[Event "Hamburg-chI"]
[Site "Hamburg"]
[Date "1998.05.29"]
[Round "1"]
[White "Pajeken, Wolfgang"]
[Black "Rogozenko, Dorin"]
[Result "0-1"]
[WhiteElo "2290"]
[BlackElo "2495"]

1.d4 Nf6 2.Bg5 c5 3.Nc3 cxd4 4.Qxd4 Nc6 5.Qh4 e6 6.e4 Be7 7.f4 Qb6 8.O-O-O Qe3+
9.Kb1 Nxe4 10.Nxe4 Qxe4 11.Bxe7 Nxe7 12.Bd3 Ng6 13.Qh5 Nxf4 14.Qxf7+ Kxf7
15.Bxe4 Ke7 16.c4 Nh5 17.Ne2 Nf6 18.Bf3 Rb8 19.Nd4 b6 20.Rhe1 Bb7 21.Nf5+ Kf8
22.Bxb7 Rxb7 23.Nd6 Rc7 24.Rd3 Rc5 25.b4 Rg5 26.g3 Ke7 27.h4 Rg4 28.Nf5+ Kf8
29.Nd6 h6 30.Ra3 Rd4 31.Nb5 Rxc4 32.Rb3 Ke7 33.Nxa7 Ne4 34.Kb2 Rf8 35.Re2 Nd6
36.Rd2 Ra8 37.Rxd6 Kxd6 38.Rd3+ Ke7 39.Kb3 d5 40.Rxd5 exd5  0-1

[Event "Hamburg-chI"]
[Site "Hamburg"]
[Date "1998.06.02"]
[Round "5"]
[White "Reddmann, Hauke"]
[Black "Heinemann, Thies"]
[Result "1/2-1/2"]
[WhiteElo "2315"]
[BlackElo "2450"]

1.d4 Nf6 2.Bg5 c5 3.Bxf6 gxf6 4.c3 Qb6 5.Qd2 d5 6.dxc5 Qxc5 7.Na3 e6 8.e3 Bd7
9.Nc2 Nc6 10.Nf3 Ne5 11.Nxe5 fxe5 12.Be2 Bg7 13.O-O Bc6 14.Rac1 O-O 15.Nb4 Bb5
16.Rfd1 e4 17.Nc2 Ba4 18.Rf1 Bxc2 19.Rxc2 b5 20.a4 a6 21.Ra1 Rfb8 22.axb5 axb5
23.Rxa8 Rxa8 24.Rc1 Be5 25.Bf1 h6 26.g3 Bg7 27.Kg2 Kh7 28.Be2 Rb8 29.Bd1 Qc4
30.Qc2 f5 31.Be2 Qc5 32.Bd1 b4 33.cxb4 Qxc2 34.Rxc2 Rxb4 35.Rc6 Rxb2 36.Rxe6 d4
37.exd4 Bxd4 38.g4 Rxf2+ 39.Kh3 Rd2 40.Ba4 fxg4+ 41.Kxg4 e3 42.h3 Kg7 43.Bb5 Rg2+
44.Kf3 Rg5 45.Bd3 h5 46.Be2 h4 47.Ke4 Bf6 48.Bg4 Kf7  1/2-1/2

[Event "Budapest FS06 GM"]
[Site "Budapest"]
[Date "1998.06.16"]
[Round "11"]
[White "Turzo, Attila"]
[Black "Acs, Peter"]
[Result "0-1"]
[WhiteElo "2415"]
[BlackElo "2450"]

1.d4 Nf6 2.Bg5 c5 3.Bxf6 gxf6 4.d5 f5 5.e3 Qb6 6.b3 Qf6 7.c3 Bg7 8.Ne2 d6
9.Nf4 Bh6 10.Be2 O-O 11.O-O Nd7 12.Qc2 Kh8 13.Nd2 e5 14.Nh5 Qg6 15.f4 Nf6
16.Nxf6 Qxf6 17.Kh1 exf4 18.exf4 Bd7 19.Bd3 Rae8 20.g3 Bg7 21.Rac1 Re7 22.Nf3 Rfe8
23.Rf2 b5 24.Kg2 Re3 25.Nh4 Qe7 26.Qb1 Bf6 27.Nxf5 Bxf5 28.Bxf5 Bxc3 29.Bd3 Qb7
30.Kh3 Qxd5 31.Bxb5 R8e6 32.f5 Rh6+ 33.Kg4 Qd4+ 34.Kg5 Rxh2 35.Rxh2 Rxg3+  0-1

[Event "Magistral Algarve"]
[Site "Vila Real de Santo Antonio"]
[Date "1998.06.20"]
[Round "2"]
[White "Fernandes, Antonio"]
[Black "Damljanovic, Branko"]
[Result "1-0"]
[WhiteElo "2490"]
[BlackElo "2540"]

1.d4 Nf6 2.Bg5 c5 3.Bxf6 gxf6 4.d5 Qb6 5.Qc1 f5 6.g3 Bg7 7.c3 d6 8.Nd2 Qc7
9.e4 fxe4 10.Nxe4 Nd7 11.Be2 Nb6 12.Qg5 O-O 13.Qd2 e6 14.Qf4 exd5 15.Nf6+ Bxf6
16.Qxf6 Qd8 17.Qf4 Re8 18.O-O-O Re4 19.Qd2 Qf6 20.Bd3 Re5 21.f4 Re7 22.f5 Bd7
23.Nf3 Rae8 24.Qf4 Re4 25.Bxe4 Rxe4 26.Qg5+ Qxg5+ 27.Nxg5 Rg4 28.Nh3 Bxf5
29.Rhf1 Bd7 30.Nf4 Rg5 31.Rde1 Kf8 32.Re6 Nc8 33.Rf6 Ke7 34.Rh6 Nb6 35.Rxh7 Bf5
36.Re1+ Kf8 37.Rh8+ Kg7 38.Ree8 Bg6 39.h4 Re5 40.h5 Be4 41.g4 Kf6 42.Nh3 d4
43.g5+ Kf5 44.g6  1-0

[Event "White Nights op"]
[Site "St Petersburg"]
[Date "1998.06.24"]
[Round "5"]
[White "Chepukaitis, Genrikh"]
[Black "Ignatiev, Alexander"]
[Result "1-0"]
[WhiteElo "2420"]
[BlackElo "2315"]

1.d4 Nf6 2.Bg5 c5 3.d5 Qb6 4.Nc3 h6 5.Bd2 d6 6.e4 g6 7.f4 Nbd7 8.Nf3 Bg7
9.Bd3 O-O 10.Na4 Qc7 11.c4 b5 12.cxb5 a6 13.Qe2 Nb6 14.Nc3 c4 15.Bc2 Nfd7
16.bxa6 Bxa6 17.O-O Nc5 18.e5 Nd3 19.Kh1 Qc5 20.Be3 Qa5 21.Bxb6 Qxb6 22.Bxd3 cxd3
23.Qd2 Rad8 24.Rfe1 h5 25.b3 Kh7 26.h4 Qa5 27.Rab1 Qb6 28.b4 dxe5 29.Nxe5 Qf6
30.Qf2 d2 31.Red1 Rc8 32.Rb3 Bc4 33.Ra3 Qf5 34.Qd4 Rfd8 35.Rxd2 Bxd5 36.Nxd5 e6
37.Qa7 Rc1+ 38.Kh2 Bxe5 39.fxe5 Rxd5 40.Rf2 Qxe5+ 41.Rg3 Rd4 42.Qxf7+ Qg7
43.Qxg7+ Kxg7 44.Rb2 Rcc4 45.b5 Rxh4+ 46.Rh3 Rb4 47.Rxb4 Rxb4 48.Rb3  1-0

[Event "SVK-ch"]
[Site "Prievidza"]
[Date "1998.06.27"]
[Round "1.33"]
[White "Bombek, Peter"]
[Black "Lednicky, Martin"]
[Result "1-0"]
[WhiteElo "2220"]
[BlackElo "1973"]

1.d4 d5 2.Bg5 Nf6 3.Bxf6 gxf6 4.e3 e5 5.c4 c6 6.Nc3 Be6 7.Qb3 Qb6 8.Qxb6 axb6
9.cxd5 cxd5 10.dxe5 fxe5 11.Nf3 f6 12.Bb5+ Nc6 13.O-O-O O-O-O 14.Kb1 Rg8
15.g3 Bg4 16.Be2 e4 17.Nd4 Nxd4 18.Bxg4+ Rxg4 19.Rxd4 Rg5 20.Rhd1 Rf5 21.R1d2 b5
22.Rxd5 Rdxd5 23.Nxd5 b4 24.Kc2 h5 25.h4 Rf3 26.Nf4 Bc5 27.Nxh5 f5 28.Ng7 b3+
29.Kxb3  1-0

[Event "SVK-ch"]
[Site "Prievidza"]
[Date "1998.06.27"]
[Round "1.53"]
[White "Timoshchenko, Vera I"]
[Black "Hrcka, Pavol"]
[Result "1-0"]
[WhiteElo "2145"]
[BlackElo "1868"]

1.d4 Nf6 2.Bg5 c5 3.Bxf6 gxf6 4.c3 Qb6 5.Qc2 e6 6.e3 d5 7.Nd2 Nc6 8.g3 cxd4
9.exd4 Bg7 10.Bg2 Bd7 11.Ne2 f5 12.Nb3 Rc8 13.Qd2 Ne7 14.O-O Bb5 15.Rfe1 O-O
16.Nc5 Ng6 17.a4 Bc6 18.Nd3 Qd8 19.Kh1 e5 20.dxe5 Bxe5 21.Nxe5 Nxe5 22.Nd4 Nc4
23.Qc2 Qa5 24.Qxf5 Qd8 25.b3 Nd6 26.Qf4 Ne4 27.Nf5 Kh8 28.f3 Nf2+ 29.Kg1 Qb6
30.Nd4 Nd3 31.Qf6+ Kg8 32.Re3 Rce8 33.Nf5 Qxe3+ 34.Nxe3 Re6 35.Qd4 Rfe8 36.Nf5 Ne5
37.f4  1-0

[Event "SVK-ch"]
[Site "Prievidza"]
[Date "1998.06.28"]
[Round "2.19"]
[White "Priam, Stefan"]
[Black "Helbich, Jan"]
[Result "1/2-1/2"]
[WhiteElo "1930"]
[BlackElo "2225"]

1.d4 Nf6 2.Bg5 c5 3.Bxf6 gxf6 4.Nf3 Qb6 5.b3 Bg7 6.e3 f5 7.c3 d5 8.Nbd2 Nc6
9.Rc1 Qa5 10.Qc2 e6 11.Be2 O-O 12.O-O Bd7 13.dxc5 Qxc5 14.b4 Qe7 15.Nb3 Rfc8
16.Qd2 Be8 17.Rfd1 a5 18.b5 Ne5 19.Nbd4 Nc4 20.Bxc4 Rxc4 21.Qb2 a4 22.Qe2 Qc5
23.Ng5 h6 24.Ngxe6 fxe6 25.Nxe6 Qe7 26.Nxg7 Qxg7 27.Rxd5 Rxc3 28.Rcd1 Qg5
29.Qd2 Rac8 30.Rd6 R3c5 31.Rb6 Bh5 32.Re1 Bf3 33.g3 Rc2 34.Qd6 Rc1 35.Qe6+ Kh8
36.Kf1 Rxe1+ 37.Kxe1 Rc1+ 38.Kd2 Rd1+ 39.Kc2 f4 40.Qe8+ Kg7 41.Rxb7+ Bxb7
42.Kxd1 Qd5+ 43.Kc1 Qc4+ 44.Kb2 Qb4+ 45.Kc1 Qe1+ 46.Kc2 Qxf2+ 47.Kd3 Qf1+
48.Kd2 fxe3+ 49.Qxe3 Qg2+ 50.Kc3 Qxa2 51.Qd4+ Kf8 52.Qd8+ Kg7 53.Qd4+  1/2-1/2

[Event "White Nights op"]
[Site "St Petersburg"]
[Date "1998.06.28"]
[Round "9"]
[White "Chepukaitis, Genrikh"]
[Black "Ljavdansky, Vladimir"]
[Result "1/2-1/2"]
[WhiteElo "2420"]
[BlackElo "2320"]

1.d4 Nf6 2.Bg5 d5 3.Nd2 e6 4.e3 Be7 5.Bxf6 Bxf6 6.f4 O-O 7.Bd3 b6 8.c3 Ba6
9.Bc2 c5 10.Ngf3 Nd7 11.h4 Be7 12.Ng5 h6 13.Qg4 Nf6 14.Qh3 Qc7 15.g3 b5 16.a3 Bc8
17.Qf1 b4 18.axb4 cxb4 19.Qd3 bxc3 20.bxc3 a5 21.e4 Ba6 22.Qf3 dxe4 23.Ngxe4 Rfc8
24.Rc1 Bb7 25.O-O Nxe4 26.Bxe4 Bxe4 27.Nxe4 f5 28.Nf2 Qc6 29.Qe3 Qd5 30.Rfe1 Ra6
31.Qd3 Rac6 32.Re5 Qb3 33.Nd1 Qa3 34.Rc2 Bf6 35.Rb5 Rd6 36.Rd2 Rdc6 37.Kh2 Kh8
38.Qe2 a4 39.Ra2 Qe7 40.Rxa4 Qd7 41.Rab4 Qd8 42.Kh3 Kh7 43.Qf3 Qd6 44.Rb3 Qd7
45.Rb7 Qd6 46.R3b5 Qd8 47.Qh5 R6c7 48.Rxc7 Rxc7 49.Qf3 Qc8 50.Rb6 Qd7 51.Kh2 Bxd4
52.cxd4 Qxd4 53.Rxe6 Rc2+ 54.Kh1 Qd2 55.Nf2 Qxf2 56.Qxf2 Rxf2 57.Kg1  1/2-1/2

[Event "SVK-ch"]
[Site "Prievidza"]
[Date "1998.06.29"]
[Round "3.7"]
[White "Bombek, Peter"]
[Black "Banas, Jan"]
[Result "1-0"]
[WhiteElo "2220"]
[BlackElo "2395"]

1.d4 Nf6 2.Bg5 c5 3.dxc5 Na6 4.Nd2 Nxc5 5.Ngf3 d6 6.e3 a6 7.Be2 e6 8.O-O Be7
9.a4 b6 10.b4 Ncd7 11.c4 Bb7 12.Qb3 O-O 13.a5 Rb8 14.Rfd1 Qc7 15.h3 Rfc8
16.Nd4 Ne5 17.Bf4 Nc6 18.Nxc6 Bxc6 19.axb6 Qxb6 20.c5 dxc5 21.Bxb8 Rxb8 22.Rxa6 Qb7
23.bxc5 Bxc5 24.Rxc6  1-0

[Event "SVK-ch"]
[Site "Prievidza"]
[Date "1998.06.29"]
[Round "3.34"]
[White "Timoshchenko, Vera I"]
[Black "Dusik, Tomas"]
[Result "1/2-1/2"]
[WhiteElo "2145"]
[BlackElo "2047"]

1.d4 Nf6 2.Bg5 d5 3.e3 c5 4.c3 Qb6 5.Qb3 Qxb3 6.axb3 cxd4 7.exd4 Bf5 8.Nd2 Nc6
9.Ngf3 e6 10.Bb5 Bd6 11.O-O Ne4 12.Nxe4 Bxe4 13.Nd2 Bf5 14.b4 Kd7 15.Ra2 Bc7
16.Rfa1 f6 17.Be3 Bb6 18.Nb3 Rhg8 19.Nc5+ Bxc5 20.dxc5 a6 21.Bf1 Rad8 22.b5 axb5
23.Bxb5 Kc7 24.b4 e5 25.Be2 d4 26.Bd2 dxc3 27.Bxc3 Bd3 28.b5 Bxe2 29.bxc6 Bc4
30.Rb2 Kxc6  1/2-1/2

[Event "SVK-ch"]
[Site "Prievidza"]
[Date "1998.06.30"]
[Round "4.45"]
[White "Murin, Pavol"]
[Black "Banas, Kamil"]
[Result "0-1"]
[WhiteElo "1910"]
[BlackElo "2035"]

1.d4 Nf6 2.Bg5 d5 3.Nf3 e6 4.Nbd2 c5 5.c3 Be7 6.g3 cxd4 7.cxd4 Nc6 8.Bg2 Qb6
9.Nb3 Bb4+ 10.Kf1 Ne4 11.Bf4 O-O 12.h4 a5 13.a4 Bd7 14.h5 h6 15.Nh4 Be7 16.Bxe4 dxe4
17.Be3 Qa6 18.Nd2 Bxh4 19.Rxh4 f5 20.Nb3 b6 21.Qd2 Nb4 22.g4 Nd5 23.g5 hxg5
24.Bxg5 Qc4 25.Nc1 Rf7 26.Ra3 Rc8 27.Rah3 e3 28.fxe3 Qxc1+ 29.Qxc1 Rxc1+
30.Kf2 Rc2 31.h6 g6 32.h7+ Kh8 33.b3 Be8 34.Rh6 Rg7 35.Bh4 Rxh7 36.Rxh7+ Kxh7
37.Bf6+ Kg8 38.Rh8+ Kf7 39.Be5 Ke7 40.Rh7+ Bf7 41.Rh8 Nb4 42.Kf3 Nc6 43.Bf4 Kf6
44.Rc8 Nxd4+  0-1

[Event "SVK-ch"]
[Site "Prievidza"]
[Date "1998.07.02"]
[Round "6.6"]
[White "Bombek, Peter"]
[Black "Lybin, Dmitry"]
[Result "1/2-1/2"]
[WhiteElo "2220"]
[BlackElo "2410"]

1.d4 Nf6 2.Bg5 g6 3.Bxf6 exf6 4.c4 f5 5.Nc3 Bg7 6.g3 O-O 7.Nf3 d6 8.Bg2 Nd7
9.O-O Re8 10.Rc1 Nf6 11.Qb3 Ne4 12.e3 c6 13.Rfd1 Qb6 14.Qc2 Be6 15.b3 Qa5
16.Ne1 Qxc3 17.Qxc3 Nxc3 18.Rxc3 a5 19.Rc2 Bd7 20.Nd3 Ra7 21.c5 Bf8 22.cxd6 Bxd6
23.Nc5 Bxc5 24.Rxc5 Be6 25.d5 Rd8 26.Rd4 cxd5 27.Bxd5 Rxd5 28.Rdxd5 Bxd5
29.Rxd5 b6 30.Rd8+ Kg7 31.Rb8 a4 32.Rxb6 axb3 33.axb3 Ra1+ 34.Kg2 Rb1 35.h3 h5
36.Kf3 Rb2 37.Rb7 Kf6 38.Rb8 Kg7 39.Rb6 Kf8 40.Rb4 Kg7 41.Rb6 Kf8 42.b4 Kg7
43.b5 Kf8 44.Rb8+ Kg7 45.b6 Kf6 46.Kg2 Rb1 47.b7 Kg7 48.Kf3 Rb2 49.g4 hxg4+
50.hxg4 fxg4+ 51.Kxg4 Rb4+ 52.Kf3 Kf6 53.Ke2 Kg7 54.Kd3 Rb1 55.Kd4 Rd1+ 56.Ke5 Rb1
57.e4 Rb2 58.Kd6 Rd2+ 59.Ke7 Rb2 60.e5 Rb1 61.f4 Rb2 62.Ke8 Rb1 63.Ke7  1/2-1/2

[Event "SVK-ch"]
[Site "Prievidza"]
[Date "1998.07.02"]
[Round "6.54"]
[White "Orgon, Dusan"]
[Black "Havlickova, Beata"]
[Result "1-0"]
[WhiteElo "2020"]
[BlackElo "1886"]

1.d4 d5 2.Bg5 Nf6 3.Bxf6 gxf6 4.Nf3 Bg4 5.e3 e5 6.h3 Bxf3 7.Qxf3 e4 8.Qh5 Qd6
9.a3 Qe6 10.c4 c6 11.cxd5 cxd5 12.Nc3 f5 13.g4 Nc6 14.gxf5 Qd7 15.f6 Rd8
16.h4 Qe6 17.Bh3 Qxf6 18.Nxd5 Qg6 19.Nc7+ Ke7 20.Qb5 Qd6 21.Qxb7 Rb8 22.Nd5+ Kd8
23.Qxf7 Rxb2 24.Rc1 Rb5 25.Nf4  1-0

[Event "SVK-ch"]
[Site "Prievidza"]
[Date "1998.07.04"]
[Round "8.54"]
[White "Orgon, Dusan"]
[Black "Zakovic, Jozef"]
[Result "0-1"]
[WhiteElo "2020"]
[BlackElo "1844"]

1.d4 Nf6 2.Bg5 g6 3.Bxf6 exf6 4.c4 f5 5.Nc3 Bg7 6.Nf3 d6 7.Qb3 O-O 8.g3 Nc6
9.e3 Re8 10.O-O-O b6 11.Bg2 Rb8 12.h4 Na5 13.Qb4 h5 14.d5 Bd7 15.Nd4 a6 16.Kb1 Nb7
17.Qa3 Nc5 18.b4 Qc8 19.Nce2 Ne4 20.Rhf1 b5 21.Bxe4 fxe4 22.c5 dxc5 23.bxc5 b4
24.Qb3 a5 25.c6 Bg4 26.Qc4 a4 27.Rd2 b3 28.axb3 axb3 29.Rb2 Rb6 30.Nc1 Qa8
31.Ncxb3 Ra6 32.Kc2 Ra4 33.Qc3 Be2 34.Rc1 Rc4 35.Ra1 Rxc3+ 36.Kxc3 Qd8 37.Rxe2 Qe7
38.Ra5 Rb8 39.Rc5 Rxb3+ 40.Kxb3 Qxc5 41.Rc2 Qxd5+ 42.Rc4 Bxd4 43.exd4 Qb5+
44.Kc3 Qb1 45.d5 Qd3+ 46.Kb4 Qxd5 47.Rc5 Qd2+  0-1

[Event "SVK-ch"]
[Site "Prievidza"]
[Date "1998.07.05"]
[Round "9.14"]
[White "Bombek, Peter"]
[Black "Widera, Jan"]
[Result "1-0"]
[WhiteElo "2220"]
[BlackElo "2240"]

1.d4 Nf6 2.Bg5 d5 3.Bxf6 exf6 4.e3 g6 5.c4 dxc4 6.Bxc4 Bg7 7.Nc3 O-O 8.Nge2 f5
9.Rc1 Nd7 10.O-O Nf6 11.Qb3 Ne8 12.Rfd1 Nd6 13.Bd5 c6 14.Bf3 Qb6 15.Qc2 Qa5
16.b3 Re8 17.Na4 Be6 18.Nf4 Rac8 19.Nc5 Bh6 20.Nfxe6 fxe6 21.b4 Qc7 22.a4 a6
23.Qb3 Qe7 24.g3 Kh8 25.Rc2 Rcd8 26.Be2 e5 27.dxe5 Qxe5 28.Rcd2 Bg7 29.Bc4 b5
30.axb5 axb5 31.Bf1 Bf6 32.Bg2 Nc4 33.Rxd8 Rxd8 34.Bxc6 Nd2 35.Qf7 Qe7 36.Qa2 Bc3
37.Qc2 Qe5 38.Nd7 Qg7 39.Rxd2 Bxd2 40.Qxd2 Qa1+ 41.Kg2 Rc8 42.Bxb5 Rc1 43.Qd4+ Qxd4
44.exd4 Rb1 45.d5 Rxb4 46.Bc6 Kg7 47.Nc5 Kf6 48.d6  1-0

[Event "Oberwart op"]
[Site "Oberwart"]
[Date "1998.08.02"]
[Round "9"]
[White "Schieder, Andreas"]
[Black "Kranzl, Peter"]
[Result "0-1"]
[WhiteElo "2145"]
[BlackElo "2280"]

1.d4 Nf6 2.Bg5 g6 3.Nd2 Bg7 4.e3 O-O 5.Be2 d6 6.h4 h6 7.Bxf6 exf6 8.h5 g5
9.c3 Re8 10.Qc2 Nc6 11.O-O-O Rb8 12.Bf3 Ne7 13.Ne2 Be6 14.Ng3 c6 15.Be2 Qa5
16.a3 b5 17.Bd3 c5 18.Nde4 c4 19.Be2 Qb6 20.f4 Nd5 21.Qd2 a5 22.fxg5 fxg5
23.Nxg5 hxg5 24.h6 Bf6 25.Nh5 b4 26.e4 bxc3 27.Nxf6+ Kh8 28.Qc2 Qxb2+ 29.Qxb2 cxb2+
30.Kc2 Nxf6 31.d5 Bd7  0-1

[Event "Budapest FS08 IM-A"]
[Site "Budapest"]
[Date "1998.08.04"]
[Round "4"]
[White "Petran, Pal"]
[Black "Suvrajit, Saha"]
[Result "1-0"]
[WhiteElo "2390"]
[BlackElo "2375"]

1.d4 d5 2.Bg5 Nf6 3.Bxf6 exf6 4.e3 Bd6 5.c4 dxc4 6.Bxc4 O-O 7.Nc3 Nd7 8.Qh5 g6
9.Qh6 f5 10.Nf3 Qf6 11.O-O Nb6 12.Bb3 Qg7 13.Qxg7+ Kxg7 14.Nb5 Bd7 15.Nxd6 cxd6
16.Rac1 Rfc8 17.Nd2 Bb5 18.Rfe1 Bd3 19.f3 a5 20.a4 d5 21.Kf2 Kf8 22.h4 Bc4
23.Bc2 Rc6 24.b3 Ba6 25.Bb1 Rac8 26.Rxc6 Rxc6 27.e4 dxe4 28.fxe4 Rd6 29.Ke3 fxe4
30.Nxe4 Re6 31.Kd2 Nd7 32.Ng5 Rd6 33.Kc3 h6 34.Nf3 Nf6 35.g3 b5 36.axb5 Bxb5
37.Bd3 Bxd3 38.Kxd3 Rb6 39.Kc2 Rb5 40.Ne5 Nd5 41.Nd7+ Kg7 42.Nc5 Rb6 43.Kd3 Rd6
44.Kc4 Nb4 45.Re5 Nc2 46.Nb7 Rd7 47.Nxa5 Nxd4 48.Rd5 Rxd5 49.Kxd5 Nc2 50.Nc6 Kf6
51.Ke4 Ke6 52.Nd4+ Nxd4 53.Kxd4 f5 54.b4 g5 55.h5 Kd6 56.b5 Ke6 57.Kc5 f4
58.gxf4 gxf4 59.Kd4 Kd6 60.Ke4 Kc5 61.Kxf4 Kxb5 62.Kf5  1-0

[Event "MK Cafe Cup-A"]
[Site "Koszalin"]
[Date "1998.08.05"]
[Round "3"]
[White "Teske, Henrik"]
[Black "Dworakowska, Joanna"]
[Result "1-0"]
[WhiteElo "2510"]
[BlackElo "2390"]

1.d4 Nf6 2.Bg5 g6 3.Bxf6 exf6 4.g3 Bg7 5.Bg2 d5 6.Nd2 c6 7.e3 Be6 8.Ne2 Nd7
9.Nf4 Qc7 10.c4 dxc4 11.Nxe6 fxe6 12.Nxc4 O-O 13.O-O Rae8 14.Rc1 Nb6 15.Na5 Re7
16.b4 a6 17.Qb3 Kh8 18.a4 Ra8 19.Nxc6  1-0

[Event "MK Cafe Cup-A"]
[Site "Koszalin"]
[Date "1998.08.06"]
[Round "4"]
[White "Cichocki, Adam"]
[Black "Schmidt, Wlodzimierz"]
[Result "1/2-1/2"]
[WhiteElo "2365"]
[BlackElo "2445"]

1.d4 Nf6 2.Bg5 d5 3.Nd2 c6 4.e3 Bf5 5.Bd3 Bxd3 6.cxd3 Nbd7 7.Ngf3 e6 8.Ne5 Be7
9.O-O O-O 10.Ndf3 Ne8 11.Bxe7 Qxe7 12.Qb3 Nd6 13.a4 Nb8 14.Nd2 a5 15.Qc3 f6  1/2-1/2

[Event "ESP-ch"]
[Site "Linares"]
[Date "1998.08.13"]
[Round "2"]
[White "Pomes Marcet, Juan"]
[Black "Tallon Ballesteros, Antonio"]
[Result "1-0"]
[WhiteElo "2395"]
[BlackElo "2220"]

1.d4 Nf6 2.Bg5 d5 3.Bxf6 exf6 4.e3 c6 5.c4 Bb4+ 6.Nc3 dxc4 7.Bxc4 O-O 8.Ne2 Nd7
9.Qc2 Nb6 10.Bd3 g6 11.h4 Re8 12.h5 f5 13.g4 Qf6 14.hxg6 fxg6 15.gxf5 Rf8
16.Qb3+ Nd5 17.e4 Be6 18.exd5 Bxd5 19.Bc4 Bxc3+ 20.bxc3 Qxf5 21.Bxd5+ Qxd5
22.Qxd5+ cxd5 23.Rb1 Rf7 24.f4 Re8 25.Kd2 Re6 26.Rhg1 a6 27.Rg5 Rd6 28.Re5 Kf8
29.Rf1 h6 30.Rh1 Rh7 31.Rh3  1-0

[Event "ESP-ch"]
[Site "Linares"]
[Date "1998.08.14"]
[Round "3"]
[White "Castillo Gallego, Sergio"]
[Black "Lezcano Jaen, Pedro"]
[Result "0-1"]
[WhiteElo "2135"]
[BlackElo "2425"]

1.d4 Nf6 2.Bg5 c5 3.Bxf6 gxf6 4.c3 Qb6 5.Qc1 d5 6.e3 Nc6 7.Nf3 e5 8.dxc5 Qxc5
9.Nbd2 Be6 10.Be2 Rc8 11.Qd1 Bg7 12.O-O f5 13.Ng5 O-O 14.Re1 Qe7 15.Nxe6 fxe6
16.Bb5 Rcd8 17.Bxc6 bxc6 18.Qe2 e4 19.g3 Rd7 20.Rad1 Rb8 21.Nb3 c5 22.Rd2 Qd6
23.Red1 Qb6 24.Rc2 a5 25.Nd2 Rbd8 26.Nb1 e5 27.Na3 Kh8 28.Rcc1 Rb8 29.Rd2 Qe6
30.Nb5 a4 31.Rdc2 Bf6 32.Kh1 f4 33.Qf1 Rdb7 34.Na3  0-1

[Event "Hampstead GM3"]
[Site "Hampstead"]
[Date "1998.08.15"]
[Round "6"]
[White "Hillarp Persson, Tiger"]
[Black "Dearing, Eddie"]
[Result "1-0"]
[WhiteElo "2410"]
[BlackElo "2295"]

1.d4 d5 2.Bg5 Nf6 3.Bxf6 gxf6 4.e3 c5 5.Nc3 Nc6 6.Qh5 e6 7.Nge2 Bd7 8.g3 cxd4
9.exd4 Qb6 10.Bh3 Nxd4 11.Nxd5 Nxc2+ 12.Kd2 Bb4+ 13.Kxc2 Qc5+ 14.Nec3 O-O-O
15.Nf4 f5 16.Rac1 Bc6 17.Qe2 Be4+ 18.Kb3 Bxh1 19.Rxh1 Bxc3 20.bxc3 Rd6 21.Rd1 Rb6+
22.Kc2 Qa3 23.Qc4+ Kb8 24.Nd3 Rc8 25.Qf4+ Ka8 26.Kd2 Rxc3 27.Ke2 Qxa2+ 28.Kf1 Rxd3
29.Rxd3 Qb1+ 30.Ke2 Rb2+ 31.Rd2 Rxd2+ 32.Qxd2 Qe4+ 33.Kf1 Qh1+ 34.Ke2 Qe4+
35.Kd1 Qb1+ 36.Qc1 Qd3+ 37.Ke1 Qe4+ 38.Qe3 Qb1+ 39.Ke2 Qb5+ 40.Qd3 Qxd3+
41.Kxd3 b5 42.Kd4 Kb7 43.Kc5 a6 44.Bg2+ Kc7 45.f4 f6 46.Bf3 h6 47.Bg2 e5
48.Bd5 e4 49.Bb3 Kb7 50.Bd1 Kc7 51.Be2 Kb7 52.Bf1 Kc7 53.Bh3 e3 54.Bf1 Kb7
55.Bd3 Kc7 56.h4 Kb7 57.Kd4 Kc6 58.Kxe3 a5 59.Kd4 a4 60.Bxf5 a3 61.Be6 Kd6
62.Ba2 b4 63.g4  1-0

[Event "ESP-ch"]
[Site "Linares"]
[Date "1998.08.16"]
[Round "5"]
[White "Bellon Lopez, Juan Manuel"]
[Black "Candela Perez, Jose"]
[Result "0-1"]
[WhiteElo "2490"]
[BlackElo "2380"]

1.d4 Nf6 2.Bg5 c5 3.dxc5 Ne4 4.Be3 e6 5.g3 Nxc5 6.Bg2 d5 7.c3 Nc6 8.Nd2 Be7
9.Ngf3 O-O 10.O-O b6 11.a4 Bb7 12.b4 Nd7 13.a5 Rc8 14.Nb3 Bf6 15.a6 Ba8 16.b5 Ne7
17.Bd4 e5 18.Rc1 exd4 19.cxd4 Rc4 20.e3 Nf5 21.Nfd2 Rb4 22.Rc2 Nd6 23.Qa1 Nxb5
24.Nc1 Nc5 25.Na2 Ra4 26.Rfc1 Nxa6 27.Bf1 Qd7 28.Qb2 Na3  0-1

[Event "ESP-ch"]
[Site "Linares"]
[Date "1998.08.17"]
[Round "6"]
[White "Romero Holmes, Alfonso"]
[Black "Bernal Moro, Luis Javier"]
[Result "1-0"]
[WhiteElo "2485"]
[BlackElo "2420"]

1.d4 Nf6 2.Bg5 c5 3.Bxf6 gxf6 4.d5 f5 5.c3 d6 6.Qc2 Bg7 7.Nh3 e6 8.Nf4 Bh6
9.e3 Bxf4 10.exf4 exd5 11.Nd2 Nc6 12.O-O-O Be6 13.Nf3 Qf6 14.g3 O-O-O 15.Bb5 Ne7
16.Rhe1 h6 17.Kb1 Kb8 18.Nh4 Rc8 19.Bf1 Rc6 20.Qd2 Rhc8 21.Rc1 Rb6 22.Red1 a5
23.Ng2 a4 24.Ne3 Rc7 25.a3 c4 26.Nc2 Rc5 27.Nb4 Nc6 28.Bg2 Na5 29.Qe3 Nb3
30.Rc2 d4 31.cxd4 Rcb5 32.d5 Bd7 33.Rxc4 Na5 34.Rc3 Rxb4 35.axb4 Rxb4 36.Bf1 a3
37.Rd2 Ba4 38.Rxa3 Re4 39.Qc3 Re1+ 40.Ka2 Qxc3 41.bxc3 Bb3+ 42.Rxb3 Nxb3
43.Kxb3 Rxf1 44.Re2 Rh1 45.h4 Rf1 46.h5 Rh1 47.Re7 Rxh5 48.Rxf7 Kc8 49.Kc4 Kd8
50.Rxb7 Rh2 51.Kb5  1-0

[Event "Mislata op7th"]
[Site "Valencia"]
[Date "1998.08.18"]
[Round "6.12"]
[White "Asensio Soto, Fermin"]
[Black "Dischinger, Frank"]
[Result "0-1"]
[WhiteElo "2150"]
[BlackElo "2255"]

1.d4 Nf6 2.Bg5 g6 3.Bxf6 exf6 4.e3 Bg7 5.g3 d6 6.Bg2 f5 7.Ne2 c5 8.c3 Nc6
9.O-O O-O 10.Nd2 Qc7 11.Nf4 Ne7 12.b4 Bd7 13.bxc5 dxc5 14.Rb1 Rab8 15.Nb3 b6
16.dxc5 bxc5 17.c4 Rb4 18.Nd5 Nxd5 19.Bxd5 Rfb8 20.Qf3 Ra4 21.Qe2 a5 22.Rbd1 Rab4
23.Qd3 Ba4 24.Rb1 Be8 25.Rfd1 a4 26.Nd2 Qe5 27.a3 Rb2 28.Rxb2 Rxb2 29.Rb1 Bf6
30.Kg2 Kg7 31.h4 Qb8 32.Rxb2 Qxb2 33.Nb1 Qb3 34.Qxb3 axb3 35.Kf3 b2 36.Ke2 Ba4
37.Kd2 Bb3 38.Kd3 Kf8 39.Nd2 Ke7 40.Nb1 h5 41.f4 Ba4 42.Kd2 Kf8 43.Kd3 Ke8
44.Kd2 Bd8 45.Kc3 Ba5+ 46.Kxb2 Be1 47.Nc3 Bd7 48.Ne2 Ba4 49.Nc3 Bd7 50.Ne2 Bf2
51.Kb3 Bxe3 52.a4 Bd2 53.Bb7 Kd8 54.Bd5 Be8 55.Kc2 Be1 56.Kb3 Kc7 57.a5 Bxa5
58.Nc3 Bb4 59.Nb5+ Kd7 60.Nc3 Ke7 61.Bb7 Ba5 62.Kc2 Bd7 63.Bd5 Be6 64.Bxe6 fxe6
65.Ne2 Be1 66.Kd3 Bf2 67.Kd2 Kd6 68.Kd3 e5 69.fxe5+ Kxe5 70.Nf4 Bxg3 71.Nxg6+ Kf6
72.Nf8 Ke7 73.Ng6+ Kf7  0-1

[Event "Dresden op"]
[Site "Dresden"]
[Date "1998.08.20"]
[Round "5"]
[White "Teske, Henrik"]
[Black "Foetsch, Daniel"]
[Result "1-0"]
[WhiteElo "2510"]
[BlackElo "2170"]

1.d4 Nf6 2.Bg5 d5 3.Bxf6 exf6 4.g3 c6 5.Bg2 Bd6 6.Nf3 Bg4 7.Nbd2 O-O 8.O-O Re8
9.c4 dxc4 10.Nxc4 Bf8 11.Rc1 Nd7 12.a3 Nb6 13.Na5 Nd5 14.b4 Qd7 15.Qc2 Bf5
16.Qb2 Rac8 17.Rfe1 Be4 18.Nb3 Rcd8 19.Nbd2 Bxf3 20.Bxf3 f5 21.e3 Nb6 22.Nb3 Re6
23.Qb1 Rh6 24.Bg2 Nd5 25.Nc5 Bxc5 26.Rxc5 b6 27.Rc4 Ne7 28.Qc2 g5 29.Qc1 Rg6
30.Re2 Qe6 31.Kf1 Qf6 32.Rec2 Rd6 33.Kg1 h5 34.a4 a6 35.b5 axb5 36.axb5 cxb5
37.Rb4 h4 38.Rxb5 hxg3 39.fxg3 Kg7 40.Rf2 Qe6 41.e4 fxe4 42.Re5 Qd7 43.Bxe4 f5
44.Rexf5 Nxf5 45.Bxf5 Qd8 46.Bxg6 Kxg6 47.Qc2+ Kh6 48.Qe4 Qh8 49.d5 Qa1+
50.Kg2 Rf6 51.Rxf6+ Qxf6 52.h4 Qb2+ 53.Kh3 gxh4 54.Qxh4+ Kg6 55.Qe4+ Kg5
56.d6 Qa1 57.Qd5+ Kg6 58.d7 Qf1+ 59.Kh4  1-0

[Event "POL-chTJ"]
[Site "Rowy"]
[Date "1998.08.21"]
[Round "2"]
[White "Szymanski, Marcin"]
[Black "Fojudzki, Marcin"]
[Result "1/2-1/2"]
[WhiteElo "2295"]
[BlackElo "2050"]

1.d4 d5 2.Bg5 Nf6 3.Bxf6 exf6 4.e3 Bd6 5.c4 dxc4 6.Bxc4 O-O 7.Nf3 c6 8.O-O Qc7
9.h3 Be6 10.Bxe6 fxe6 11.Nc3 Nd7 12.Rc1 Qb6 13.Ne4 Be7 14.Qc2 Rfe8 15.Qc4 Bf8
16.Rc2 Qa5 17.Nc5 Bxc5 18.dxc5 Qc7 19.Rd1 Rad8 20.Rcd2 Nf8 21.Nd4 Qe5 22.Qb3 Rb8
23.Qa3 Ra8 24.Nf3 Qh5 25.Rd6 e5 26.Qb3+ Qf7 27.Qxf7+ Kxf7 28.Nd2 Rad8 29.Nc4 Ke7
30.Na5 Rd7 31.Rxd7+ Nxd7 32.b4 Rb8 33.Rd6 e4 34.f3 exf3 35.gxf3 Kd8 36.Nc4 Ke7
37.Na5 Kd8 38.Re6 Nf8 39.Re4 Ng6 40.f4 Ne7 41.Nb3 Nd5 42.f5 Kd7 43.Rg4 Rg8
44.Kf2 g5 45.fxg6 hxg6 46.a3 Re8 47.e4  1/2-1/2